LEADER 01289nam a2200253 i 4500 001 000000074684 003 CaOOAMICUS 005 20060718000000.0 008 060718s2000 it u000 u ita u 013 $a45856 040 $aSeMil$bita 100 1 $aCastiglioni, Elisa.$0(OLS)http://semarc/name/36970 245 10$aUtilitarismo e diritto penale nel Panopticon di Jeremy Bentham /$cTesi di Laurea di: Castiglioni Elisa ; Relatore: Ch. Mo Prof. Cavanna Adriano. 260 $a[S.l. :$bs.n.],$c2000. 300 $a203 c. ;$c30 cm. 500 $aContiene : Bibliografia. - In testa al front : Universitā Cattolica del Sacro Cuore - Milano, Facoltā di Giurisprudenza, Corso di laurea in Giurisprudenza. - Ai pič del front : Anno Accademico 1999-2000. 600 14$aBentham, Jeremy <1748-1832>.$0(OLS)http://semarc/subject/15252 650 4$aTesi di laurea.$0(OLS)http://semarc/subject/1690 700 1 $aCavanna, Adriano <1938-2002>.$0(OLS)http://semarc/name/36971 850 $aSeMil 852 $aSeMil$W1$xVenegono$y1$m4X I 61$j40836$B40836$CSeMilBibl$Z2$F40840 $8L 961 $aOmaggio: Donazione 996 $6245$aUtilitarismo e diritto penale nel Panopticon di Jeremy Bentham$9(OLS)http://semarc/title/121091 996 $6260$a[S.l. :$bs.n.]$9(OLS)http://semarc/publisher/29751 LEADER 01298nam a2200265 i 4500 001 000000135572 003 CaOOAMICUS 005 20050308000000.0 008 050308s1979 it u000 u ita u 013 $a108963 040 $aSeMil$bita 245 10$aCinema italiano sotto il fascismo /$ca cura di Riccardo Redi. 260 $aVenezia :$bMarsilio,$c1979. 300 $a284 p. ;$c21 cm. 490 0 $aRicerche : collana del Dipartimento di studi sulla storia del pensiero europeo Michele Federico Sciacca, Universitā di Genova ;$v38 500 $aIn testa al front. : Mostra Internazionale del Nuovo Cinema. 650 4$aCinema - Italia - 1929-1943.$0(OLS)http://semarc/subject/26683 650 4$aFascismo - Cinema.$0(OLS)http://semarc/subject/26684 700 1 $aRedi, Riccardo.$0(OLS)http://semarc/name/55302 830 0$aCollana del Dipartimento di studi sulla storia del pensiero europeo Michele Federico Sciacca, Universitā di Genova ;$v38.$0(OLS)http://semarc/title/10723 850 $aSeMil 852 $aSeMil$W1$xVenegono$y1$m3M II 28$j89224$B89224$CSeMilBibl$Z2$F93957 $81 961 $aOmaggio: Poma mons. Gianfranco 996 $6245$aCinema italiano sotto il fascismo$9(OLS)http://semarc/title/198216 996 $6260$aVenezia :$bMarsilio$9(OLS)http://semarc/publisher/30231